Baseball Slang Terms - Statistics

General Stats
  • This quiz has been taken 711 times
  • The average score is 9 of 20
Answer Stats
Hint Answer % Correct
A team's best starting pitcher Ace
81%
The third baseman's spot Hot Corner
81%
Umpire Blue
74%
The batter behind the batter on deck In the Hole
70%
Left-handed pitcher Southpaw
69%
When a batter swings and misses the ball Whiff
68%
Pitcher's mound Bump
54%
Term for pitcher/catcher combination Battery
52%
Easy fly ball resulting in an easy out Can of Corn
49%
Another word for the catcher Backstop
46%
Ball hit between two outfielders Gapper
45%
Striking out four times in a game Golden Sombrero
45%
When a player has a batting average below .200 Mendoza Line
40%
Home plate Dish
35%
Batted ball that takes a hard, high bounce in infield Chopper
33%
Pitch that is thrown up around the batter’s head Chin Music
24%
when a player throws the ball way over the head of the intended player Airmail
21%
When a player spends only a brief amount of time in the major leagues Cup of Coffee
18%
Line drive Frozen Rope
18%
Double play Twin Killing
11%
No matching quizzes found
Score Distribution
Percent of People with Each Score
Percentile by Number Answered
Your Score History
You have not taken this quiz